| 000 | 00337nam a2200121Ia 4500 | ||
|---|---|---|---|
| 008 | 220615s9999||||xx |||||||||||||| ||und|| | ||
| 245 | 0 | _aAerial Vehicles | |
| 546 | _aEnglish[eng] | ||
| 650 | _aRobotics | ||
| 700 | _aMung Lam, Thanh | ||
| 856 | _uhttps://mts.intechopen.com/storage/books/3696/authors_book/authors_book.pdf | ||
| 942 | _cEB | ||
| 999 |
_c18731 _d18731 |
||